Statistics for All Rare Candies In Pokemon Fire Red

Click here to take the quiz!

General Stats

  • This quiz has been taken 3 times
  • The average score is 11 of 15

Answer Stats

HintAnswer% Correct
CaveMt. Moon
100%
CinnabarPokemon Mansion
100%
SpookyPokemon Tower
100%
ZapdosPower Plant
100%
Close to VermillionRoute 6
100%
Close to CeruleanRoute 9
100%
Big buildingSilph Co.
100%
Beginner CityCerulean City
67%
GamblingRocket Hideout
67%
Close to LavenderRoute 12
67%
BicycleRoute 16 (Cycling Road)
67%
Bigger CaveVictory Road
67%
Lostelle's Dad is hereCape Brink (Two Island)
33%
Post gameLost Cave (Five Island)
33%
Old ManWarden's House (Fuschia City)
0%

Score Distribution

Percentile by Number Answered

Percent of People with Each Score

Your Score History

You have not taken this quiz